| 000 | 00503cam a2200181 4500 | ||
|---|---|---|---|
| 001 | D2535 | ||
| 008 | 090401t1974 xxu||||| |||| 00| 0 eng d | ||
| 035 | _a(Sirsi) u69485 | ||
| 041 | _aeng | ||
| 050 | _a692.5 | ||
| 100 | _aCollier, Keith | ||
| 245 | _aFundamentals of construction estimating and cost accounting | ||
| 260 |
_aEnglewood Cliffs, N.J _bPrentice-Hall _c1974 |
||
| 300 | _axi. 339p. illus. plans. 29cm. Includes bibliography p262-2 | ||
| 350 | _a0 | ||
| 942 | _n0 | ||
| 948 | _c04/03/1997 | ||
| 999 |
_c95202 _d95202 |
||